Торжественная увертюра 1812 год. (Запис номер 296824)
[ съкратено ]
| 000 -Лидер | |
|---|---|
| Контролно поле с фиксирана дължина | 01093ncm a2200313 c 4500 |
| 003 - Код на организацията, давaща контролен номер | |
| Контролно поле | BLK |
| 005 - Дата и час на последна редакция | |
| Контролно поле | 20241018005342.0 |
| 008 - Елементи от данни с фиксирана дължина | |
| fixed length control field | 180414b bul |a|er|||| |0| c|bulo| |
| 010 ## - Наследен системен номер | |
| LC control number | NOT00000195000 |
| 040 ## - Източник на каталожния запис | |
| Идентификатор на билиотеката - собственик на записа | BLK |
| 041 ## - Код за език | |
| Код за езика на текст/звукозапис или на отделно заглавие | Руски |
| Код за езика КДБФ | Руски |
| 080 ## - УДК | |
| Текстов определител УДК | Увертюри, прелюдии - самостоятелни произведения |
| УДК код - определител по УДК | 785.11.083.22 |
| УДК определител | |
| УДК - код + определител | 785.11.083.22 |
| 100 ## - Редна дума - Автор | |
| Автор | Чайковски, Пьотър Илич |
| R(LIN) | 367519 |
| 139 ## - Редно поле | |
| Редна дума | Чайковски, Пьотър Илич |
| Авторски знак | Чаиков - Ч 16 |
| 245 10 - Сведения за заглавието | |
| Заглавие | Торжественная увертюра 1812 год. |
| Подзаглавни данни | За симф. орк. |
| Редно поле (дума) | Пьотър Илич Чайковски. |
| Версия | Оп.49 |
| 254 ## - Сведения за формата на нотното издание | |
| Формат на описваните ноти | Партитура |
| 257 ## - Страна на издаване | |
| Страна на създаване/издаване | Русия |
| 260 ## - Област на издателските данни | |
| -- | Москва |
| Име на издателя, разпространителя и проч. | Музыка 11838 |
| Година на издаване | 1983 |
| 300 ## - Физическа характеристика | |
| Страници | 95 с. |
| Размери/Мащаб | 20 см |
| 380 ## - Жанр | |
| Жанр | Изкуство |
| 650 #4 - Допълнително описание по предмет – тема | |
| Основно описание – тема или топоним | Увертюри |
| 9 (RLIN) | 174542 |
| 653 ## - Ключова дума – ненормативна | |
| Ключова дума | увертюри |
| 852 ## - Местоположение | |
| Форматна сигнатура | Цб М 1620 |
| Част | 0 |
| 856 4# - Електронен адрес и достъп | |
| Електронен формат | pdf - файл |
| Път до файла /url/ | |
| 856 4# - Електронен адрес и достъп | |
| Електронен формат | pdf - файл |
| Път до файла /url/ | |
| 942 ## - АРТИКУЛИ | |
| Вид на библиотечния материал | Нотни издания |
| Скрит в OPAC | Не |
| 944 ## - СЪЗДАВАНЕ И РЕДАКЦИЯ на ЗАПИСА | |
| Създаване/Редакция | Създаване |
| Дата на регистрацията/редакция | 09.10.2003 |
| Служител, извършил регистрацията/редакцията | |
| Статус, дата на статуса | CRON CRON |
| 944 ## - СЪЗДАВАНЕ И РЕДАКЦИЯ на ЗАПИСА | |
| Създаване/Редакция | Редакция |
| Дата на регистрацията/редакция | 04.02.2015 |
| Служител, извършил регистрацията/редакцията | Ирена_Линкова |
| 999 ## - СИСТЕМНИ КОНТРОЛНИ НОМЕРА | |
| Koha biblionumber | 296824 |
| Koha biblioitemnumber | 296824 |
| Код за отписване | Код за изгубен артикул | Източник на класификационната схема | Код за повреда | Коз за рестрикции | Код за отдаване | Артикулен № | Име на библиотеката - собственик | Име на библиотеката, в която се намира в момента | Статус (Текущо местоположение) | Дата на вписване в системата | Местоположение - отдел | Цена в лева | Инвентарен номер | Систематично азбучна сигнатура | Баркод | Номер на екземпляра | Цена в евро | Служебна бележка | Служебен тип на артикула |
|---|---|---|---|---|---|---|---|---|---|---|---|---|---|---|---|---|---|---|---|
| Не е изгубен | Universal Decimal Classification | Не е повреден | без рестрикции | ползва се в читалня | 647215 | Регионална библиотека "Любен Каравелов" Русе | Регионална библиотека "Любен Каравелов" Русе | Основен фонд - ползва се само за читалня | 1983-01-01 | Хранилище | 0.88 | 439449 | Цб М 1620 | 120000439449 | 1 | 0.45 | Вид: Ф N: стар фонд Дата: 01.01.1983 | Нотни издания | |
| Не е изгубен | Universal Decimal Classification | Не е повреден | без рестрикции | ползва се в читалня | 647216 | Регионална библиотека "Любен Каравелов" Русе | Регионална библиотека "Любен Каравелов" Русе | Основен фонд - ползва се само за читалня | 1983-01-01 | Хранилище | 0.88 | 439450 | Цб М 1620 | 120000439450 | 2 | 0.45 | Вид: Ф N: стар фонд Дата: 01.01.1983 | Нотни издания |